| 000 | 00623cam a22002295a 4500 | ||
|---|---|---|---|
| 001 | L154182 | ||
| 002 | 18944 | ||
| 008 | 111024s2011 xxk f 000 0 eng d | ||
| 020 | _a9781907302367 | ||
| 035 | _a(Sirsi) u154182 | ||
| 041 | 0 | _aeng | |
| 050 | 0 | 4 | _a336.2424 |
| 100 | 1 | _aBayley, Carl | |
| 245 | 0 | 0 | _aProperty capital gains tax |
| 250 | _a3rd ed. | ||
| 260 |
_aKirkcaldy _bTaxcafe _c2011 |
||
| 520 | _aA guide explaining how property gains tax is calculated and how tax bills can be reduced. | ||
| 590 | _aKA NTK | ||
| 651 | 4 |
_aEngland and Wales _y1543- |
|
| 690 | _aPROPERTY-PROPERTY TAXATION | ||
| 942 | _n0 | ||
| 999 |
_c112878 _d112878 |
||